NFL players with same first and last name - Statistics

General Stats
  • This quiz has been taken 30 times
  • The average score is 4 of 14
Answer Stats
Hint Answer % Correct
Bills(current)Jaguars(Current) Josh Allen
71%
Chiefs(2005-2020)QBBucs(2005-2015)TE Alex Smith
50%
Vikings(2007-2021)RBBears(2002-2007)RB Adrian Peterson
46%
Cardinals(Current)Colts(1996-2008)WR Marvin Harrison
46%
Bengals(current) Seahawks(current) Geno Smith
36%
Ravens(Current)Jets(2020-2023)DB Lamar Jackson
32%
Saints(2016-2023)WRGiants PB(2013-2022) S Micheal Thomas
32%
Colts(Current)CBBears(Current)CB Jaylon Jones
21%
Bengals(Current)CBRaiders(Current)WR (Caught a pass in the last game against the cheifs) DJ Turner
14%
Steelers(Current)Bucs(2010-2014)WR Mike Williams
14%
Eagles(Current)Giants(Current) Add a ton to the end Darius Slay
11%
Jets(Current) DBJets(2021-2023) RB Michael Carter
11%
Vikings(Current)A dude who has been cut and has no picture Andre Carter
7%
Lions(Current) OLBColts(Current) DB David Long
4%
No matching quizzes found
Score Distribution
Percent of People with Each Score
Percentile by Number Answered
Your Score History
You have not taken this quiz